| 000 | 01777nam a2200505 i 4500 | ||
|---|---|---|---|
| 001 | 23024 | ||
| 003 | KOSZ 005 | ||
| 005 | 20200306160512.0 | ||
| 008 | 981103s1985 pl f |000 0 pol d | ||
| 015 | _aUWD 1986/3262 | ||
| 020 | _a8321401619 | ||
| 035 | _a991007626979705066 | ||
| 035 | _a(PL-WaBN)b11977073-48omnis_nlop | ||
| 035 | _ab11977073 | ||
| 035 | _a(OCoLC)835894465 | ||
| 035 | _a(PL)b0000001197707 | ||
| 035 | _a(EXLNZ-48OMNIS_NETWORK)9910124640505606 | ||
| 040 |
_aWA N _cWA N _dKOSZ 005/EG |
||
| 041 | 0 |
_apol _hsrp _hhrv |
|
| 080 | _a811.163.4 | ||
| 080 | _a811.162.1 | ||
| 080 | _a(03) | ||
| 100 | 1 |
_aWierzbicki, Jan _d(1934-1996) _eAutor |
|
| 245 | 1 | 0 |
_aMały słownik serbskochorwacko-polski, polsko-serbskochorwacki / _cJan Wierzbicki, Uglješa Radnović, Józef Chlabicz. |
| 246 | 1 | 5 | _aMali srpskohorvatsko-poljski, poljsko-srpskohorvatski rečnik. |
| 250 | _a[Wyd. 4]. | ||
| 260 |
_aWarszawa : _b"Wiedza Powszechna", _c1985. |
||
| 300 |
_aXVI, 271 s., s. V-XVI, 208 ; _c15 cm. |
||
| 336 |
_2rdacontent _aTekst _btxt |
||
| 337 |
_2rdamedia _aBez urządzenia pośredniczącego _bn |
||
| 338 |
_2rdacarrier _aWolumin _bnc |
||
| 380 | _aKsiążki | ||
| 388 | _a1901-2000 | ||
| 388 | _a1945-1989 | ||
| 655 | 7 |
_aSłownik polsko-serbsko-chorwacki _2DBN |
|
| 655 | 7 |
_aSłownik serbsko-chorwacko-polski _2DBN |
|
| 655 | 7 | _aSłowniki | |
| 658 | _aJęzykoznawstwo | ||
| 700 | 1 |
_aChlabicz, Józef _d(1928-2018) _eAutor |
|
| 700 | 1 |
_aRadnović, Ugleša _eAutor |
|
| 710 | 2 |
_aPaństwowe Wydawnictwo Wiedza Powszechna _4pbl |
|
| 856 |
_uhttp://koha.tu.koszalin.pl/cgi-bin/koha/opac-detail.pl?biblionumber=23024 _yKatalog online BPK |
||
| 942 |
_2UKD _cKS |
||
| 999 |
_c23024 _d23024 |
||